MARC

LEADER 00000nam0a2200000 4500
001 332792
005 20231102004506.0
035 |a (RuTPU)RU\TPU\book\358765 
090 |a 332792 
100 |a 20170531d1965 km y0rusy50 ca 
101 0 |a rus 
102 |a RU 
105 |a a z 001zy 
200 1 |a Туннельные диоды в схемах промышленной электроники  |f А. К. Баум, И. Я. Билинский, П. П. Трейс 
210 |a Москва  |a Ленинград  |c Энергия  |d 1965 
215 |a 104 с.  |c ил. 
225 1 |a Библиотека по автоматике  |v Вып. 144 
320 |a Библиогр.: с. 102-104 
606 1 |a Диоды полупроводниковые туннельные  |x Применение в схемах автоматики  |2 stltpush  |3 (RuTPU)RU\TPU\subj\9564  |9 36789 
610 1 |a промышленная электроника 
610 1 |a импульсные схемы 
610 1 |a характеристики 
610 1 |a внешние воздействия 
610 1 |a работа 
610 1 |a переходные процессы 
610 1 |a релаксаторы 
610 1 |a транзисторы 
610 1 |a реле 
610 1 |a вентили 
610 1 |a регистры 
675 |a 681.527.7  |v 4 
700 1 |a Баум  |b А. К.  |g Алдис Карлович 
701 1 |a Билинский  |b И. Я.  |g Ивар Янович 
701 1 |a Трейс  |b П. П.  |g Петр Петрович 
801 1 |a RU  |b 63413507  |c 20170531 
801 2 |a RU  |b 63413507  |c 20170602  |g RCR 
942 |c BK